[Event "Montreal-ch"]
[Site "Montreal"]
[Date "1993.09.04"]
[Round "1"]
[White "Charest, Johanne"]
[Black "Ouaknine, Joel"]
[Result "0-1"]
[WhiteElo "1890"]
[BlackElo "2070"]
[PlyCount "126"]
[EventDate "1993.09.04"]
[EventType "swiss"]
[EventRounds "5"]
[EventCountry "CAN"]
[SourceTitle "EXT 2022"]
[Source "ChessBase"]
[SourceDate "2021.10.06"]
[SourceVersion "1"]
[SourceVersionDate "2021.10.06"]
[SourceQuality "1"]

1. e4 e5 2. Nf3 Nc6 3. Bc4 Bc5 4. c3 Qe7 5. 0-0 d6 6. d4 Bb6 7. Bg5 Nf6 8. d5 Nb8 9. a4 a6 10. h3 h6 11. Be3 Bxe3 12. fxe3 Nxe4 13. Nbd2 Nxd2 14. Qxd2 f5 15. Qf2 0-0 16. Rae1 Nd7 17. Nh4 Qg5 18. Nf3 Qf6 19. e4 fxe4 20. Rxe4 Nc5 21. Ree1 Nxa4 22. Qc2 Nc5 23. Nxe5 Bf5 24. Qf2 Ne4 25. Ng4 Qg5 26. Qe3 Bxg4 27. Qxe4 Bf5 28. Qe7 Qg6 29. Qh4 Rac8 30. Re7 Bxh3 31. Rxf8+ Rxf8 32. Qxh3 Qb1+ 33. Kh2 Qxb2 34. Qg3 Rf7 35. Re8+ Rf8 36. Qg6 Qf2 37. Qe6+ Kh8 38. Rxf8+ Qxf8 39. Bd3 Qf4+ 40. Kg1 Qc1+ 41. Kf2 Qd2+ 42. Be2 Qf4+ 43. Kg1 Qc1+ 44. Kh2 Qf4+ 45. Kh3 Qf8 46. Bd3 Qg8 47. Qe7 Qc8+ 48. Qe6 Qf8 49. Bf5 a5 50. Qc8 Qxc8 51. Bxc8 a4 52. Bf5 a3 53. Bb1 g6 54. Kg4 Kg7 55. Kf4 Kf6 56. c4 g5+ 57. Ke4 h5 58. Kd4 h4 59. Kc3 Ke5 60. Bd3 g4 61. Kb3 Kd4 62. Be2 h3 63. gxh3 gxh3 0-1

[Event "Montreal op"]
[Site "Montreal"]
[Date "1992.09.06"]
[Round "4"]
[White "Ouaknine, Joel"]
[Black "Berube, Richard"]
[Result "0-1"]
[WhiteElo "2071"]
[BlackElo "2273"]
[PlyCount "34"]
[EventDate "1992.09.06"]
[EventType "swiss"]
[EventRounds "5"]
[EventCountry "CAN"]
[SourceTitle "EXT 2022"]
[Source "ChessBase"]
[SourceDate "2021.10.06"]
[SourceVersion "1"]
[SourceVersionDate "2021.10.06"]
[SourceQuality "1"]

1. e4 c5 2. Nc3 Nc6 3. f4 g6 4. Nf3 Bg7 5. a3 e6 6. b4 b6 7. g3 Nge7 8. Rb1 d5 9. b5 Nd4 10. Bg2 Bb7 11. exd5 Nxd5 12. Nxd5 Bxd5 13. 0-0 0-0 14. d3 Rc8 15. Bb2 Bxf3 16. Bxf3 Nxf3+ 17. Qxf3 Bxb2 0-1

[Event "Quebec op"]
[Site "Montreal"]
[Date "1992.08.08"]
[Round "8"]
[White "Bolduc, Steve"]
[Black "Ouaknine, Joel"]
[Result "0-1"]
[WhiteElo "2161"]
[BlackElo "2006"]
[PlyCount "44"]
[EventDate "1992.07.31"]
[EventType "swiss"]
[EventRounds "8"]
[EventCountry "CAN"]
[SourceTitle "EXT 2022"]
[Source "ChessBase"]
[SourceDate "2021.10.06"]
[SourceVersion "1"]
[SourceVersionDate "2021.10.06"]
[SourceQuality "1"]

1. e4 e5 2. Nf3 Nc6 3. Bb5 f5 4. d3 Nf6 5. Nc3 Bc5 6. 0-0 0-0 7. Na4 Be7 8. Re1 fxe4 9. dxe4 d6 10. Bc4+ Kh8 11. Ng5 Qe8 12. Nc3 Qg6 13. Qd3 Nh5 14. Nf3 Bh3 15. Nh4 Bxh4 16. Qxh3 Bxf2+ 17. Kf1 Bxe1+ 18. Kxe1 Nd4 19. Bd3 Qf7 20. Be3 Nf4 21. Bxf4 Qxf4 22. Nd1 d5 0-1

[Event "Quebec op"]
[Site "Montreal"]
[Date "1992.08.04"]
[Round "4"]
[White "Ouaknine, Joel"]
[Black "Duong, Thanh Nha"]
[Result "0-1"]
[WhiteElo "2009"]
[BlackElo "2271"]
[PlyCount "36"]
[EventDate "1992.07.31"]
[EventType "swiss"]
[EventRounds "8"]
[EventCountry "CAN"]
[SourceTitle "EXT 2022"]
[Source "ChessBase"]
[SourceDate "2021.10.06"]
[SourceVersion "1"]
[SourceVersionDate "2021.10.06"]
[SourceQuality "1"]

1. e4 c5 2. f4 g6 3. Nf3 Bg7 4. Nc3 e6 5. Bc4 Ne7 6. f5 Nbc6 7. fxe6 fxe6 8. 0-0 d5 9. Bb5 0-0 10. d3 Nd4 11. a3 a6 12. Ba4 c4 13. dxc4 dxc4 14. Bg5 b5 15. Nxd4 Qxd4+ 16. Kh1 Qxd1 17. Raxd1 Rxf1+ 18. Rxf1 Bxc3 0-1

[Event "Montreal op"]
[Site "Montreal"]
[Date "1991.09.01"]
[Round "4"]
[White "Ouaknine, Joel"]
[Black "Teuton, L Frank"]
[Result "1-0"]
[WhiteElo "1850"]
[BlackElo "2094"]
[PlyCount "59"]
[EventDate "1991.08.30"]
[EventType "swiss"]
[EventRounds "5"]
[EventCountry "CAN"]
[SourceTitle "EXT 2022"]
[Source "ChessBase"]
[SourceDate "2021.10.06"]
[SourceVersion "1"]
[SourceVersionDate "2021.10.06"]
[SourceQuality "1"]

1. d4 Nf6 2. Nf3 e6 3. c4 c5 4. e3 b6 5. Bd3 Bb7 6. Nbd2 Be7 7. 0-0 0-0 8. b3 d6 9. Bb2 Nbd7 10. Rc1 a6 11. a3 Re8 12. b4 Bf8 13. Qc2 Rc8 14. Qb1 Rb8 15. e4 cxd4 16. Nxd4 Ne5 17. Be2 d5 18. exd5 exd5 19. Rfd1 dxc4 20. Nxc4 Nxc4 21. Bxc4 Qc7 22. Bxa6 Qf4 23. Bxb7 Rxb7 24. Qf5 Qh4 25. g3 Qh6 26. Rc8 Rxc8 27. Qxc8 Rd7 28. Nf5 Rxd1+ 29. Kg2 Nd5 30. Nxh6+ 1-0

[Event "Quebec-ch U20"]
[Site "Montreal"]
[Date "1991.03.01"]
[Round "2"]
[White "Guy, Gregoire"]
[Black "Ouaknine, Joel"]
[Result "1/2-1/2"]
[WhiteElo "1765"]
[BlackElo "1913"]
[PlyCount "79"]
[EventDate "1991.02.28"]
[EventType "tourn"]
[EventRounds "7"]
[EventCountry "CAN"]
[SourceTitle "EXT 2022"]
[Source "ChessBase"]
[SourceDate "2021.10.06"]
[SourceVersion "1"]
[SourceVersionDate "2021.10.06"]
[SourceQuality "1"]

1. e4 g6 2. d4 Bg7 3. Nf3 d6 4. c3 Nf6 5. Qc2 0-0 6. Bd3 c6 7. Nbd2 Qc7 8. Nf1 Nbd7 9. Bg5 c5 10. Rc1 cxd4 11. cxd4 Qxc2 12. Rxc2 a6 13. Ne3 b5 14. e5 dxe5 15. dxe5 Nh5 16. g4 f6 17. Be4 Rb8 18. gxh5 fxg5 19. hxg6 hxg6 20. Nd5 Nxe5 21. Nxe5 Bxe5 22. Nxe7+ Kg7 23. Nxg6 Re8 24. Nxe5 Rxe5 25. Re2 Be6 26. a3 Rxe4 27. Rxe4 Bd5 28. f3 Bxe4 29. fxe4 Re8 30. Kd2 Rxe4 31. Kd3 Rh4 32. Rg1 Kg6 33. Rg2 g4 34. Kd4 Kg5 35. Kc5 Rh6 36. Kd5 Kf4 37. Kc5 Rg6 38. Kd5 Rh6 39. Kc5 Rg6 40. Kd4 1/2-1/2

[Event "Quebec-ch U20"]
[Site "Montreal"]
[Date "1990.03.02"]
[Round "2"]
[White "Ouaknine, Joel"]
[Black "Arsenault, Nicolas"]
[Result "1-0"]
[WhiteElo "1926"]
[BlackElo "1995"]
[PlyCount "35"]
[EventDate "1990.03.01"]
[EventType "tourn"]
[EventRounds "7"]
[EventCountry "CAN"]
[SourceTitle "EXT 2022"]
[Source "ChessBase"]
[SourceDate "2021.10.06"]
[SourceVersion "1"]
[SourceVersionDate "2021.10.06"]
[SourceQuality "1"]

1. c4 Nf6 2. Nc3 c5 3. g3 d5 4. cxd5 Nxd5 5. Bg2 Nc7 6. Nf3 Nc6 7. 0-0 e5 8. a3 Be7 9. b4 f6 10. bxc5 Bxc5 11. Qa4 Be6 12. Nxe5 fxe5 13. Bxc6+ bxc6 14. Qxc6+ Kf7 15. Qxc5 Rc8 16. Qxe5 Re8 17. Ne4 Bd5 18. Nd6+ 1-0

[Event "Quebec-ch U20"]
[Site "Montreal"]
[Date "1990.03.01"]
[Round "1"]
[White "Ouaknine, Joel"]
[Black "Cazelais, Marc"]
[Result "1/2-1/2"]
[WhiteElo "1926"]
[BlackElo "2165"]
[PlyCount "116"]
[EventDate "1990.03.01"]
[EventType "tourn"]
[EventRounds "7"]
[EventCountry "CAN"]
[SourceTitle "EXT 2022"]
[Source "ChessBase"]
[SourceDate "2021.10.06"]
[SourceVersion "1"]
[SourceVersionDate "2021.10.06"]
[SourceQuality "1"]

1. d4 Nf6 2. c4 c5 3. Nf3 cxd4 4. Nxd4 e6 5. Nc3 a6 6. a3 Be7 7. e4 d6 8. Be2 0-0 9. 0-0 Qc7 10. Be3 Nbd7 11. Rc1 b6 12. f4 Bb7 13. Bf3 Rac8 14. b3 Qb8 15. f5 e5 16. Nde2 Nc5 17. Ng3 Qa8 18. Nd5 Bxd5 19. cxd5 Ncd7 20. Qd2 Qb7 21. Rxc8 Rxc8 22. Rc1 b5 23. Rxc8+ Qxc8 24. Qc1 Qxc1+ 25. Bxc1 Bd8 26. Be3 Bb6 27. Bxb6 Nxb6 28. Kf2 Kf8 29. Ke3 Ke7 30. Ne2 Nfd7 31. Kd3 Kd8 32. Kc3 a5 33. Nc1 Kc7 34. Be2 Nf6 35. Bf3 Nbd7 36. Nd3 Kb6 37. b4 axb4+ 38. axb4 Kc7 39. Nb2 Nb6 40. Kd3 Kb7 41. Bd1 g6 42. g4 gxf5 43. gxf5 Nbd7 44. Be2 Kb6 45. Nd1 Nb8 46. Nf2 Na6 47. Kc3 Nc7 48. Bf3 Kb7 49. Ng4 Nxg4 50. Bxg4 Ne8 51. Be2 Kb6 52. Kd3 Nc7 53. Kc3 Kb7 54. Bh5 f6 55. Bf7 Kc8 56. Bg8 h6 57. Bf7 Kd8 58. Bh5 Ke7 1/2-1/2

[Event "Quebec-ch Intercoll"]
[Site "Valleyfield"]
[Date "1989.03.26"]
[Round "5"]
[White "Dupuis, Stephane"]
[Black "Ouaknine, Joel"]
[Result "1-0"]
[WhiteElo "2117"]
[BlackElo "1712"]
[PlyCount "79"]
[EventDate "1989.03.??"]
[EventType "swiss"]
[EventRounds "6"]
[EventCountry "CAN"]
[SourceTitle "EXT 2022"]
[Source "ChessBase"]
[SourceDate "2021.10.06"]
[SourceVersion "1"]
[SourceVersionDate "2021.10.06"]
[SourceQuality "1"]

1. e4 e6 2. d4 d5 3. Nc3 Bb4 4. e5 c5 5. a3 Ba5 6. b4 cxd4 7. Nb5 Bc7 8. Nf3 Nc6 9. Bb2 Nge7 10. Bd3 a6 11. Nxc7+ Qxc7 12. 0-0 Ng6 13. Nxd4 Nf4 14. Nxc6 Nxd3 15. cxd3 Qxc6 16. Rc1 Qd7 17. Rc3 0-0 18. Qc2 b5 19. Rc7 Qd8 20. Qc6 a5 21. Rc1 Ba6 22. Bd4 Qxc7 23. Qxc7 Rac8 24. Kf1 Rxc7 25. Rxc7 axb4 26. Ra7 Bc8 27. axb4 f5 28. Bb6 Rf7 29. Ra8 Rf8 30. Ke2 Kf7 31. Ke3 Re8 32. Kd4 Bd7 33. Ra7 Ke7 34. Bc5+ Kd8 35. Bd6 g5 36. Ra8+ Bc8 37. Kc5 Rg8 38. Kxb5 Rg7 39. Kc6 h5 40. b5 1-0

[Event "Quebec op U1600"]
[Site "Montreal"]
[Date "1988.07.28"]
[Round "5"]
[White "Drolet, Stephane"]
[Black "Ouaknine, Joel"]
[Result "1/2-1/2"]
[WhiteElo "1588"]
[BlackElo "1584"]
[PlyCount "34"]
[EventDate "1988.07.24"]
[EventType "swiss"]
[EventRounds "8"]
[EventCountry "CAN"]
[SourceTitle "EXT 2022"]
[Source "ChessBase"]
[SourceDate "2021.10.06"]
[SourceVersion "1"]
[SourceVersionDate "2021.10.06"]
[SourceQuality "1"]

1. c4 Nf6 2. Nf3 g6 3. Nc3 Bg7 4. g3 0-0 5. Bg2 d6 6. Rb1 c6 7. 0-0 e5 8. d3 Nh5 9. Bg5 f6 10. Bd2 f5 11. b4 Nd7 12. b5 c5 13. Qc1 f4 14. Nd5 Ndf6 15. Ne1 Nxd5 16. Bxd5+ Kh8 17. a4 Qf6 1/2-1/2